Presente di un'illusione (Il) (Record n. 77443)

Dettagli MARC
000 -LEADER
fixed length control field 01054nam a2200289Ia 4500
001 - CONTROL NUMBER
control field G4890
003 - CONTROL NUMBER IDENTIFIER
control field IT-RoPAU
008 - FIXED-LENGTH DATA ELEMENTS--GENERAL INFORMATION
fixed length control field 130308s9999 xx 000 0 und d
040 ## - CATALOGING SOURCE
Original cataloging agency IT-RoPAU
040 ## - CATALOGING SOURCE
Transcribing agency IT-RoPAU
041 ## - LANGUAGE CODE
Language code of text/sound track or separate title ITALIANO
100 ## - MAIN ENTRY--PERSONAL NAME
Personal name Argentieri Simona
100 ## - MAIN ENTRY--PERSONAL NAME
Miscellaneous information Codice Aut. SPICS: 17648
245 ## - TITLE STATEMENT
Title Presente di un'illusione (Il)
245 ## - TITLE STATEMENT
Remainder of title Micromega, Almanacco di Filosofia (2/2000)
250 ## - EDITION STATEMENT
Edition statement 1a ed.
260 ## - PUBLICATION, DISTRIBUTION, ETC. (IMPRINT)
Place of publication, distribution, etc. ROMA
260 ## - PUBLICATION, DISTRIBUTION, ETC. (IMPRINT)
Name of publisher, distributor, etc. Editoriale L'Espresso
260 ## - PUBLICATION, DISTRIBUTION, ETC. (IMPRINT)
Date of publication, distribution, etc. 2000 [1° Ed.:2000 - Ed.Ling.Originale:2000]
300 ## - PHYSICAL DESCRIPTION
Extent "9 p. (prefazione: no ; testo: 9 [pagine: 219-227])"
500 ## - GENERAL NOTE
General note Religione Alla Luce della Psicanalisi: è necessario Rifiutare le Illusioni Consolatorie e Trovare Invece radici nella Morale Laica. Maturità e Proprio Il riconoscimento dell'Altro. Colpa, Onnipotenza, Immortalità. Laici, Atei e Agnostici. Umano e Sublime. Esclusiva della Spiritualita'.
650 ## - SUBJECT ADDED ENTRY--TOPICAL TERM
Topical term or geographic name as entry element PASTORALE E CULTURE
650 ## - SUBJECT ADDED ENTRY--TOPICAL TERM
Relator term Codice materia Spics: 9302
942 ## - ADDED ENTRY ELEMENTS (KOHA)
Koha item type LIBRO
957 ## -
-- 1
999 ## - SYSTEM CONTROL NUMBERS (KOHA)
-- 1
Dati di copia
Withdrawn status Lost status Damaged status Not for loan Home library Current library Date acquired Total Checkouts Full call number Date last seen Price effective from Koha item type Public note
    Buone Condizioni Not For Loan SPICS-MEDIATECA SPICS-MEDIATECA 08/03/2013   G4890 08/03/2013 08/03/2013 LIBRO Progressivo inserimento: 59174 / Fascicolo: 2 N. Volumi: 0 [=Contributo] Copie: 1 / data import: 1 marzo 2013 - By Epidotti, Trombetti, Vaglietti.
CREDITS: SOCIETA' SAN PAOLO Via A.Severo, 58 - ROMA (RM) & PERIODICI SAN PAOLO SRL Via Giotto, 36 MILANO & CISF Via Giotto, 36 MILANO & EDIZIONI SAN PAOLO SRL,  Piazza Soncino, 5 CINISELLO BALSAMO (MI) -- ITALY